Дело о найме в доме действительного статского советника Анненкова квартир для артистов и служащих при Дирекции и о прекращении н...

Доступно только в Электронных читальных залах Найти на картеНа карте
RUSMARC
00003678nmc2a22000003x 450
001b85eb616-08f2-43af-8f5b-58a060a800f6
00520181127172120.0
100##$a20170110l18241834k l0rusy0189 ca
1010#$arus
102##$aRU
2001#$aДело о найме в доме действительного статского советника Анненкова квартир для артистов и служащих при Дирекции и о прекращении найма с 1 июня 1834 года
$j20 декабря 1824 г. - 2 мая 1834 г.
251##$cДело
300##$aДело
801#0$aRU
$bРГИА
$c20170110
$gRCR
801#1$aRU
$bГлавНИВЦ
$c20170110
$2rusmarc
801#2$aRU
$bПБ им. Б.Н. Ельцина
$c20181127
$gRCR
$2rusmarc
850##$aРГИА
852##$aРГИА
$eФедеральное казенное учреждение "Российский государственный исторический архив" (РГИА)
$j2695
937##$hРГИА
$d12236046
$aASBIBLIO_SCAN
462#0$1001dd3991dc-24e1-42ec-8838-ca4255420416
$12001
$a1746-1850 гг.
$1251
$cОпись
$1852
$j1
461#0$10019264ebf8-de62-4f1a-9eb4-9f22098dbbd5
$12001
$aДирекция императорских театров МИДв
$1251
$cФонд
$1852
$j497
215##$a39 л.
$d36,5х26 см
371##$aДокумент не является опубликованным и широко распространяемым
105##$ay###
1222#$ad
035##$ab85eb616-08f2-43af-8f5b-58a060a800f6
856##$uhttp://readingroom.main.prlib.ru/item.aspx?id_node=n121070399&mode=full
Формат отображения